书目信息 |
| 题名: |
在考验中
|
|
| 作者: | 尹世重 | |
| 分册: | ||
| 出版信息: | 上海 译文出版社 1981 |
|
| 页数: | 374页 | |
| 开本: | 20cm | |
| 丛书名: | ||
| 单 册: | ||
| 中图分类: | I1 | |
| 科图分类: | ||
| 主题词: | 文学--世界 | |
| 电子资源: | ||
| ISBN: | ||
| 000 | 00467nam0 2200181 450 | |
| 001 | 0728815141 | |
| 005 | 20070819080015.14 | |
| 010 | @d¥0.60 | |
| 100 | @a20070819d km y0chiy0120 ea | |
| 101 | 0 | @achi |
| 200 | 1 | @a在考验中@Azai kao yan zhong@f尹世重@Fyin shi zhong |
| 210 | @a上海@c译文出版社@d1981 | |
| 215 | @a374页@d20cm | |
| 606 | 0 | @a文学@x世界 |
| 690 | @aI1@v3 | |
| 701 | 0 | @a尹世重@Ayin shi zhong |
| 801 | 0 | @aCN@bPFT@c20070819 |
| 905 | @a213230@dI1@eZW190@f1 | |
| 在考验中/尹世重.-上海:译文出版社,1981 |
| 374页;20cm |
| ISBN :¥0.60 |
| ● |
| 相关链接 |
|
|
|
|
正题名:在考验中
索取号:I1/ZW190
 
预约/预借
| 序号 | 登录号 | 条形码 | 馆藏地/架位号 | 状态 | 备注 |
| 1 | 7614467 | 276144673 | 密集书库-文学院/ [索取号:I1/ZW190] | 在馆 |